| 000 | 00887nam a2200277 i 4500 | ||
|---|---|---|---|
| 001 | bg | ||
| 003 | BPK | ||
| 005 | 20191024091121.0 | ||
| 008 | 070620s1969 pl a f f |000 0 pol | ||
| 015 | _aPB 1969/8944 | ||
| 040 |
_aWA N _cBPK |
||
| 080 | _a624.012.45 | ||
| 080 | _a(075.8) | ||
| 100 | 1 |
_aKobiak, Jerzy _d(1919-1975) _eAutor |
|
| 245 | 1 | 0 |
_aKonstrukcje żelbetowe. _nCz. 1 / _cJerzy Kobiak, Stachurski Wiesław. |
| 250 | _aWyd. 3. | ||
| 260 |
_aWarszawa : _b"Arkady", _c1967. |
||
| 300 |
_a661 s. : _bil. ; _c23 cm. |
||
| 504 | _aBibliogr. | ||
| 655 | 4 | _aPodręczniki akademickie | |
| 650 | 4 | _aKonstrukcje żelbetowe | |
| 710 | 2 |
_aWydawnictwo "Arkady". _4pbl. |
|
| 700 | 1 |
_aStachurski, Wiesław _d(1926-2009) _eAutor |
|
| 942 |
_2UKD _cKS |
||
| 856 |
_uhttp://koha.tu.koszalin.pl/cgi-bin/koha/opac-detail.pl?biblionumber=10686 _yKatalog online BPK |
||
| 999 |
_c10686 _d10686 |
||